000 00370 a2200145 4500
001 152769
040 _cEscola São Tomás de Aquino
100 _aMACHADO, Ana Maria
240 1 0 _aA grande aventura de Maria Fumaça
_lpor
245 1 0 _aA grande aventura de Maria Fumaça
362 0 _a2003
440 1 _aGlobal
697 _a*LITERATURA INFANTO JUVENIL
942 _cBK
999 _c152769
_d152769